| 000 | 01256nam a2200313 c 4500 | ||
|---|---|---|---|
| 003 | BLK | ||
| 005 | 20180422103119.0 | ||
| 008 | 180408b bul|||||r ||||||| ||bul|| | ||
| 010 | _aKNG00074479000 | ||
| 020 |
_a954-443-566-2 _bиздат.: Бълг. писател |
||
| 040 | _aBLK | ||
| 041 |
_aBUL _cBUL |
||
| 080 |
_aАмериканска литература (на САЩ) _b821.111(73) _x-1 _z821.111(73)-1 |
||
| 100 | 1 |
_aТейлър, Алекзандър _eпърви автор _9294058 |
|
| 700 | 1 |
_aКръстев, Валентин _eпрев. _9363643 |
|
| 139 |
_aТейлър, Алекзандър _bТ 45 |
||
| 245 | 1 | 0 |
_aМечтаейки пред портите на яростта _bНови и избрани стихотворения _cАлекзандър Тейлър; прев. Валентин Кръстев. |
| 257 | _aBGR | ||
| 260 |
_аСофия _bБълг. писател _c2006 |
||
| 300 |
_a110 с. _c21 см |
||
| 380 | _aX | ||
| 500 | _aОриг. загл. Dreaming at the Gates of Fury / Alexander Taylor. - Офс. изд. | ||
| 653 | _aстихотворения | ||
| 852 | _aЦб 233520 | ||
| 856 | 4 |
_qpdf _u |
|
| 856 | 4 |
_qpdf _u |
|
| 942 |
_cKNG _n0 |
||
| 944 |
_aCR _c25.04.2007 _kЛюдмила_Стоянова |
||
| 944 |
_aED _c08.05.2007 _k |
||
| 999 |
_c70125 _d70125 |
||